Modelo de programación dos etapas para el sector agrícola argentino. (Registro nro. 16101)
[ vista simple ]
| 000 -LEADER | |
|---|---|
| fixed length control field | 00364 a2200109 4500 |
| 001 - CONTROL NUMBER | |
| control field | ART_2974 |
| 005 - DATE AND TIME OF LATEST TRANSACTION | |
| control field | 20260410161711.0 |
| 008 - FIXED-LENGTH DATA ELEMENTS--GENERAL INFORMATION | |
| fixed length control field | 260409a |
| 100 1# - MAIN ENTRY--PERSONAL NAME | |
| Personal name | Piñeiro, Martín E. |
| 245 10 - TITLE STATEMENT | |
| Title | Modelo de programación dos etapas para el sector agrícola argentino. |
| 773 0# - HOST ITEM ENTRY | |
| Title | Desarrollo económico |
| Related parts | - Vol. 9, Nº 35 (oct./dic. 1969) |
| Record control number | REV1174 |
No hay ítems disponibles.